ALL Harry Potter Chapters - Statistics

General Stats
  • This quiz has been taken 112 times
    21 since last reset
  • The average score is 117 of 199
Answer Stats
Hint Answer % Correct
Philosopher's Stone The Boy Who Lived
92%
Philosopher's Stone The Vanishing Glass
85%
Philosopher's Stone Diagon Alley
77%
Philosopher's Stone Norbert the Norwegian Ridgeback
77%
Philosopher's Stone Quidditch
77%
Philosopher's Stone The Keeper of the Keys
77%
Philosopher's Stone The Letters from No One
77%
Philosopher's Stone The Potions Master
77%
Chamber of Secrets Aragog
69%
Chamber of Secrets At Flourish and Blott's
69%
Goblet of Fire Beauxbatons and Durmstrang
69%
Prisoner of Azkaban Cat, Rat, and Dog
69%
Chamber of Secrets Cornelius Fudge
69%
Order of the Phoenix Dudley Demented
69%
Order of the Phoenix Dumbledore's Army
69%
Chamber of Secrets Gilderoy Lockhart
69%
Prisoner of Azkaban Gryffindor versus Ravenclaw
69%
Order of the Phoenix Hagrid's Tale
69%
Philosopher's Stone Hallowe'en
69%
Half-Blood Prince Horace Slughorn
69%
Goblet of Fire Mad-Eye Moody
69%
Prisoner of Azkaban Moony, Wormtail, Padfoot, and Prongs
69%
Philosopher's Stone Nicholas Flamel
69%
Order of the Phoenix Number Twelve, Grimmauld Place
69%
Prisoner of Azkaban Owl Post
69%
Prisoner of Azkaban Owl Post Again
69%
Order of the Phoenix O.W.L.S.
69%
Goblet of Fire Priori Incantatem
69%
Order of the Phoenix Professor Umbridge
69%
Order of the Phoenix St. Mungo's Hospital for Magical Maladies and Injuries
69%
Prisoner of Azkaban Talons and Tea Leaves
69%
Chamber of Secrets The Burrow
69%
Chamber of Secrets The Chamber of Secrets
69%
Goblet of Fire The Death Eaters
69%
Prisoner of Azkaban The Dementor
69%
Goblet of Fire The First Task
69%
Goblet of Fire The Goblet of Fire
69%
Order of the Phoenix The Hearing
69%
Philosopher's Stone The Journey from Platform Nine and Three Quarters
69%
Prisoner of Azkaban The Marauder's Map
69%
Philosopher's Stone The Midnight Duel
69%
Order of the Phoenix The Ministry of Magic
69%
Philosopher's Stone The Mirror of Erised
69%
Order of the Phoenix The Order of the Phoenix
69%
Half-Blood Prince The Other Minister
69%
Goblet of Fire The Pensieve
69%
Chamber of Secrets The Polyjuice Potion
69%
Goblet of Fire The Portkey
69%
Goblet of Fire The Quidditch World Cup
69%
Goblet of Fire The Riddle House
69%
Goblet of Fire The Scar
69%
Goblet of Fire The Second Task
69%
Philosopher's Stone The Sorting Hat
69%
Goblet of Fire The Third Task
69%
Goblet of Fire The Triwizard Tournament
69%
Goblet of Fire The Unforgivable Curses
69%
Chamber of Secrets The Whomping Willow
69%
Chamber of Secrets The Worst Birthday
69%
Goblet of Fire The Yule Ball
69%
Goblet of Fire Veritaserum
69%
Goblet of Fire Aboard the Hogwarts Express
62%
Half-Blood Prince An Excess of Phlegm
62%
Order of the Phoenix A Peck of Owls
62%
Prisoner of Azkaban Aunt Marge's Big Mistake
62%
Goblet of Fire Back to the Burrow
62%
Goblet of Fire Bagman and Crouch
62%
Order of the Phoenix Beyond the Veil
62%
Order of the Phoenix Christmas on the Closed Ward
62%
Order of the Phoenix Detention with Dolores
62%
Chamber of Secrets Dobby's Reward
62%
Chamber of Secrets Dobby's Warning
62%
Half-Blood Prince Felix Felicis
62%
Goblet of Fire Flesh, Blood, and Bone
62%
Prisoner of Azkaban Flight of the Fat Lady
62%
Prisoner of Azkaban Hermione's Secret
62%
Half-Blood Prince Horcruxes
62%
Order of the Phoenix In the Hog's Head
62%
Order of the Phoenix Luna Lovegood
62%
Chamber of Secrets Mudbloods and Murmurs
62%
Order of the Phoenix Occlumency
62%
Goblet of Fire Rita Skeeter's Scoop
62%
Order of the Phoenix Snape's Worst Memory
62%
Half-Blood Prince Snape Victorious
62%
Half-Blood Prince Spinner's End
62%
Order of the Phoenix The Advance Guard
62%
Goblet of Fire The Beginning
62%
Goblet of Fire The Dark Mark
62%
Chamber of Secrets The Deathday Party
62%
Prisoner of Azkaban The Dementor's Kiss
62%
Order of the Phoenix The Department of Mysteries
62%
Goblet of Fire The Egg and the Eye
62%
Order of the Phoenix The Eye of the Snake
62%
Philosopher's Stone The Forbidden Forest
62%
Goblet of Fire The Four Champions
62%
Half-Blood Prince The Half-Blood Prince
62%
Chamber of Secrets The Heir of Slytherin
62%
Order of the Phoenix The Hogwarts High Inquisitor
62%
Goblet of Fire The House-Elf Liberation Front
62%
Goblet of Fire The Hungarian Horntail
62%
Prisoner of Azkaban The Knight Bus
62%
Philosopher's Stone The Man With Two Faces
62%
Order of the Phoenix The Noble and Most Ancient House of Black
62%
Order of the Phoenix The Only One He Ever Feared
62%
Goblet of Fire The Parting of the Ways
62%
Chamber of Secrets The Rogue Bludger
62%
Order of the Phoenix The Second War Begins
62%
Prisoner of Azkaban The Servant of Lord Voldemort
62%
Half-Blood Prince The Slug Club
62%
Order of the Phoenix The Sorting Hat's New Song
62%
Chamber of Secrets The Very Secret Diary
62%
Goblet of Fire The Weighing of the Wands
62%
Order of the Phoenix The Woes of Mrs. Weasley
62%
Chamber of Secrets The Writing on the Wall
62%
Philosopher's Stone Through the Trapdoor
62%
Goblet of Fire Weasley's Wizard Wheezes
62%
Half-Blood Prince Will and Won't
62%
Half-Blood Prince A Sluggish Memory
54%
Half-Blood Prince A Very Frosty Christmas
54%
Half-Blood Prince Birthday Surprises
54%
Order of the Phoenix Career Advice
54%
Half-Blood Prince Draco's Detour
54%
Order of the Phoenix Educational Decree Number Twenty-Four
54%
Half-Blood Prince Elf Tails
54%
Deathly Hallows Epilogue: Nineteen Years Later
54%
Order of the Phoenix Fight and Flight
54%
Half-Blood Prince Flight of the Prince
54%
Deathly Hallows Godric's Hollow
54%
Order of the Phoenix Grawp
54%
Prisoner of Azkaban Grim Defeat
54%
Deathly Hallows Gringotts
54%
Half-Blood Prince Hermione's Helping Hand
54%
Deathly Hallows Malfoy Manor
54%
Goblet of Fire Mayhem at the Ministry
54%
Order of the Phoenix Out of the Fire
54%
Goblet of Fire Padfoot Returns
54%
Order of the Phoenix Percy and Padfoot
54%
Prisoner of Azkaban Professor Trelawney's Prediction
54%
Half-Blood Prince Sectumsempra
54%
Prisoner of Azkaban Snape's Grudge
54%
Prisoner of Azkaban The Boggart in the Wardrobe
54%
Half-Blood Prince The Cave
54%
Order of the Phoenix The Centaur and the Sneak
54%
Deathly Hallows The Deathly Hallows
54%
Goblet of Fire The Dream
54%
Chamber of Secrets The Duelling Club
54%
Goblet of Fire The Invitation
54%
Prisoner of Azkaban The Leaky Cauldron
54%
Half-Blood Prince The Lightning-Struck Tower
54%
Order of the Phoenix The Lion and the Serpent
54%
Order of the Phoenix The Lost Prophecy
54%
Goblet of Fire The Madness of Mr Crouch
54%
Prisoner of Azkaban The Patronus
54%
Prisoner of Azkaban The Quidditch Final
54%
Half-Blood Prince The Unbreakable Vow
54%
Goblet of Fire The Unexpected Task
54%
Half-Blood Prince The White Tomb
54%
Half-Blood Prince After the Burial
46%
Deathly Hallows A Place to Hide
46%
Deathly Hallows Bathilda's Secret
46%
Deathly Hallows Fallen Warrior
46%
Deathly Hallows In Memoriam
46%
Deathly Hallows King's Cross
46%
Half-Blood Prince Lord Voldemort's Request
46%
Deathly Hallows Magic is Might
46%
Order of the Phoenix Seen and Unforseen
46%
Deathly Hallows Shell Cottage
46%
Deathly Hallows The Battle of Hogwarts
46%
Order of the Phoenix The Beetle at Bay
46%
Deathly Hallows The Bribe
46%
Deathly Hallows The Dark Lord Ascending
46%
Deathly Hallows The Dursleys Departing
46%
Deathly Hallows The Final Hiding Place
46%
Prisoner of Azkaban The Firebolt
46%
Deathly Hallows The Flaw in the Plan
46%
Deathly Hallows The Forest Again
46%
Half-Blood Prince The House of Gaunt
46%
Deathly Hallows The Life and Lies of Albus Dumbledore
46%
Deathly Hallows The Lost Diadem
46%
Deathly Hallows The Muggle-born Registration Commission
46%
Half-Blood Prince The Phoenix Lament
46%
Deathly Hallows The Prince's Tale
46%
Half-Blood Prince The Seer Overheard
46%
Deathly Hallows The Seven Potters
46%
Deathly Hallows The Silver Doe
46%
Deathly Hallows The Tale of the Three Brothers
46%
Deathly Hallows The Thief
46%
Half-Blood Prince The Unknowable Room
46%
Deathly Hallows The Wandmaker
46%
Deathly Hallows The Wedding
46%
Deathly Hallows The Will of Albus Dumbledore
46%
Deathly Hallows Xenophilius Lovegood
46%
Deathly Hallows Kreacher's Tale
38%
Deathly Hallows The Elder Wand
38%
Deathly Hallows The Goblin's Revenge
38%
Deathly Hallows The Missing Mirror
38%
Deathly Hallows The Sacking of Severus Snape
38%
Half-Blood Prince The Secret Riddle
38%
Half-Blood Prince Silver & Opals
31%
Deathly Hallows The Ghoul in Pajamas
31%
No matching quizzes found
Score Distribution
Percent of People with Each Score
Percentile by Number Answered
Your Score History
You have not taken this quiz since the last reset